| 000 | 00715cam a2200241 4500 | ||
|---|---|---|---|
| 999 |
_c232514 _d232514 |
||
| 001 | 4552179 | ||
| 003 | Nust | ||
| 005 | 20170220125132.0 | ||
| 008 | 721205s1972 nyu 000 0aeng | ||
| 010 | _a 72079632 | ||
| 020 | _a9780330250498 | ||
| 040 |
_aDLC _cDLC _dDLC |
||
| 043 | _ae-uk-en | ||
| 050 | 0 | 0 |
_aSF613.H44 _bA28 |
| 082 | 0 | 0 |
_a636.0890924 _bHER |
| 100 | 1 | _aHerriot, James. | |
| 245 | 1 | 0 | _aAll creatures great and small. |
| 260 |
_aNew York, _bSt. Martin's Press _c1972 |
||
| 300 |
_a552 p. _c22 cm. |
||
| 350 | _a$7.95 | ||
| 600 | 1 | 0 | _aHerriot, James. |
| 650 | 0 |
_aVeterinarians _zEngland _zYorkshire _xBiography. |
|
| 906 |
_a7 _bcbc _corignew _d2 _eopcn _f19 _gy-gencatlg |
||
| 942 |
_2ddc _cBK |
||